| 000 | 00341nam a2200133Ia 4500 | ||
|---|---|---|---|
| 005 | 20251222152010.0 | ||
| 008 | 251222s9999||||xx |||||||||||||| ||spa|| | ||
| 082 | _a346.04/B65 | ||
| 100 | _aBlumlein, G. | ||
| 245 | 0 | _aContributions from Germany in The Field of Plant Genetic Resources | |
| 250 | _a1ra.ed. | ||
| 264 | _bZADI | ||
| 942 | _cLIB | ||
| 999 |
_c24870 _d24870 |
||